Charade Spéciale dentaire n°2 - Statistiques

Statistiques générales
  • Ce quiz a été pris 17 fois
  • Le résultat moyen est 4 sur 5
Statistiques - réponses
Hint Réponse % Correct
Mon 1er change tout les 365 jours An
92%
Mon 3e est ce qu'on fait à une association. Don
85%
Mon 2e se courbe avec le temps qui passe. Dos
85%
Mon 4e a des dents qui découpent. Scie
85%
Mon tout est une spécialité peu appréciée parmi les dentistes Endodontie
38%
Aucun quiz correspondant
Distribution des résultats
% des personnes avec chaque résultat
Percentile par nombre de réponses
Votre historique - résultats
Vous n’avez pas pris ce quiz